000 00393pab a2200169 454500
008 180718b2000 xxu||||| |||| 00| 0 eng d
100 _aKhader, S.A.
245 _aPopulation and manpower development
260 _c2000
300 _ap.19-27
362 _aAug
650 _aManpower - India
650 _aIndia - Population
650 _aPopulation
773 _aYojana
909 _a45547
999 _c45547
_d45547